Gyan Sagar (Record no. 494)

MARC details
000 -LEADER
fixed length control field 00291nam a2200121Ia 4500
008 - FIXED-LENGTH DATA ELEMENTS--GENERAL INFORMATION
fixed length control field 191201s2009 xx 000 0 und d
100 ## - MAIN ENTRY--PERSONAL NAME
Personal name SAHANI, A.J.S
245 #0 - TITLE STATEMENT
Title Gyan Sagar
260 ## - PUBLICATION, DISTRIBUTION, ETC. (IMPRINT)
Place of publication, distribution, etc Delhi
Name of publisher, distributor, etc Ganga International School
Date of publication, distribution, etc 2009
300 ## - PHYSICAL DESCRIPTION
Extent 149
650 ## - SUBJECT ADDED ENTRY--TOPICAL TERM
Topical term or geographic name as entry element General Books
942 ## - ADDED ENTRY ELEMENTS (KOHA)
Source of classification or shelving scheme Dewey Decimal Classification
Koha item type Text Books
Holdings
Withdrawn status Lost status Source of classification or shelving scheme Damaged status Not for loan Collection code Home library Current library Date acquired Source of acquisition Cost, normal purchase price Bill Number Total Checkouts Acc. no. / Barcode Checked out Date last seen Date last borrowed Bill Date Koha item type Public note
    Dewey Decimal Classification     GENERAL PIET C-LIBRARY PIET C-LIBRARY 25/04/2011 Donated by Managemet 100.00 Donated by Managemet 1 17420 03/06/2021 05/12/2020 05/12/2020 25/04/2011 Text Books Donated By Managemet

Design & Developed by: PIET Central Library
R70 Miles Stone Pattikalyana Samalkha Panipat 132102
mail ID :- [email protected], Phone No:- 0180-2569700 Ex.216